| 000 | 01235nam a2200277Ia 4500 | ||
|---|---|---|---|
| 003 | OSt | ||
| 005 | 20221005111818.0 | ||
| 006 | a|||||r|||| 00| 0 | ||
| 007 | ta | ||
| 008 | 221004b |||||||| |||| 00| 0 hin d | ||
| 024 | _a30912 | ||
| 037 | _cTextual | ||
| 040 |
_aCRL _cCRL _bhin |
||
| 041 |
_2hin _ahin |
||
| 082 | _aT.2, 152M2 | ||
| 100 | _aअदावल, सुबोध | ||
| 245 | 0 |
_aभारतीय शिक्षा की समस्याएॅं तथा प्रवृत्तियॉं _b एक विश्लेषणात्मक अध्ययन |
|
| 246 | _aBhāratīya shikṣhā kī samasyāeॅan tathā pravṛuttiyaॉan: ek vishleṣhaṇātmak adhyayana | ||
| 250 | _aद्वितीय संस्करण | ||
| 260 |
_aलखनऊ _bउत्तर प्रदेश हिंदी संस्थान भारत _c1982 |
||
| 300 |
_a507पृ. _ccm. |
||
| 490 | _aहिन्दी ग्रंथ अकादमी; 43 | ||
| 700 | _a उनियाल, माधवेन्द्र | ||
| 942 |
_hT.2, 152M2 _cTEXL _2cc |
||
| 999 |
_c1022995 _d1022995 |
||